|
|
|
|
| LEADER |
00000nam a22000005a 4500 |
| 001 |
vtls010279956 |
| 003 |
SK-MaSNL |
| 005 |
20260301213453.0 |
| 008 |
210928s1989 xxk f 000 0 eng |
| 015 |
|
|
|a SNBZSA2012-00512
|
| 020 |
|
|
|q (brož.)
|
| 040 |
|
|
|a SNK
|b slo
|c SNK
|e AACR2
|
| 041 |
0 |
|
|a eng
|
| 043 |
|
|
|a e-xxk--
|
| 044 |
|
|
|a xxk
|c GB
|
| 072 |
|
7 |
|a 378
|x Vysoké školy
|2 konspekt
|
| 080 |
|
|
|a 378.096(421):37.016
|2 2001
|
| 080 |
|
|
|a 37.016
|x "1988/1989"
|2 2001
|
| 110 |
2 |
|
|a University of London
|b School of Slavonic and East European Studies
|4 aut
|9 261538
|
| 245 |
1 |
0 |
|a School of Slavonic and East European studies
|b prospectus 1988-1989
|
| 260 |
|
|
|a London
|b University of London
|c 1987
|
| 300 |
|
|
|a 54 s.
|b ilustr.
|c 21 cm
|
| 610 |
2 |
7 |
|a University of London
|b School of Slavonic and East European Studies
|2 snkbuxs
|9 261538
|
| 648 |
|
7 |
|a 1988-1989
|2 snkph
|9 324396
|
| 650 |
0 |
7 |
|a vysoké školy
|2 snkph
|9 1277
|
| 650 |
0 |
7 |
|a študijné programy
|2 SNK
|9 75147
|
| 655 |
|
7 |
|a informačné publikácie
|2 snkph
|9 70181
|
| 958 |
|
|
|a ZS
|
| 958 |
|
|
|a SS
|
| 958 |
|
|
|a GB
|
| 958 |
|
|
|a OND
|
| 999 |
|
|
|c 921749
|d 923679
|
| 952 |
|
|
|a SNK
|b SNK
|y PREZ
|7 0
|p 17A0703074
|o snkSC 145522
|i snk2011/11617
|8 1
|0 0
|1 0
|4 0
|d 2011-05-20
|l 0
|r 2025-07-15 00:00:00
|w 2026-02-24
|